Normal view
MARC view
- البحرين- تاريخ- شؤون داخلية
Entry Topical Term
001 - CONTROL NUMBER
- control field: 53132
003 - CONTROL NUMBER IDENTIFIER
- control field: JO-AjAnu
005 - DATE AND TIME OF LATEST TRANSACTION
- control field: 20230606082729.0
008 - FIXED-LENGTH DATA ELEMENTS
- fixed length control field: 230606|| aca||aabn | a|a d
040 ## - CATALOGING SOURCE
- Original cataloging agency: JO-AjAnu
- Transcribing agency: JO-AjAnu
150 ## - HEADING--TOPICAL TERM
- Topical term or geographic name entry element: البحرين- تاريخ- شؤون داخلية
670 ## - SOURCE DATA FOUND
- Source citation: Work cat.: (JO-AjAnu)27146: إعداد: الحسن، عمر, author 53131, التدخلات الإيرانية في الشؤون الداخلية البحرينية: التصريحات الرسمية وشبه الرسمية منذ 14فبراير2011 حتى ديسمبر 2015